[Event "GibChess Battle of the Sexes 2022"]
[Site "Caleta"]
[Date "2022.01.30"]
[Round "6.7"]
[White "Cheng, Bobby"]
[Black "Mammadzada, Gunay"]
[Result "1-0"]
[WhiteElo "2550"]
[BlackElo "2470"]
[Annotator "TA"]
[PlyCount "157"]
[EventDate "2022.01.01"]
[EventType "schev"]
[EventCountry "GGB"]
[SourceTitle "playchess.com"]
[Source "ChessBase"]
[SourceQuality "1"]

{[%evp 10,157,17,6,38,27,31,36,37,25,38,25,32,29,36,21,41,33,47,45,46,29,43,29,44,56,67,56,56,40,82,82,82,94,94,89,83,52,53,56,53,64,70,66,68,63,58,60,60,57,63,63,76,74,95,67,70,64,106,105,115,106,116,103,130,130,130,66,64,62,60,31,38,38,38,25,25,25,45,38,38,38,67,67,67,59,59,54,126,25,25,25,25,25,25,25,25,25,25,0,25,0,25,20,20,20,25,25,25,0,25,25,25,25,25,25,25,25,25,25,25,25,25,25,32,32,32,25,25,25,26,20,20,20,20,20,20,8,20,0,20,0,20,20,20,0,5081,1760,29968,7539]} 1. d4 Nf6 2. c4 e6 3. Nf3 Bb4+ 4. Nbd2 O-O 5. a3 Be7 6. e4 d6 {[%cal Oe6e5] E11: Bogo-Indian.} (6... d5 $5 {[%cal Rd5e4]}) 7. Be2 Nfd7 {7...c5 is the recent fashion.} 8. b4 e5 {White is slightly better.} 9. d5 a5 10. Bb2 Qe8 11. O-O f5 12. c5 Nf6 13. exf5 Bxf5 {[#]} 14. Nc4 $146 ({Predecessor:} 14. b5 Kh8 15. Nc4 Nbd7 16. Ne3 Be4 17. c6 Nb6 18. cxb7 Rb8 19. Nd2 Bxd5 20. Nxd5 Nbxd5 {½-½ (35) Jugl,P (2370)-Schmitt,C (2347) GER email 2021}) 14... axb4 15. axb4 Rxa1 16. Bxa1 Be4 17. Ne3 Qg6 {To avoid Ng5} 18. Qb3 {[%cal Of3e5]} Kh8 19. Nd2 dxc5 (19... Bf5 $14) 20. Bxe5 $16 Nbd7 21. Bxc7 ({Worse is} 21. Nxe4 Nxe4 22. Bc3 (22. Bxc7 Nd2 $17) 22... cxb4 23. Bxb4 Qb6 $17) 21... Nxd5 {[%cal Bf6d5,Bd5c7,Bc7e6,Be6d4][%mdl 32]} 22. Nxe4 Nxc7 23. Nxc5 (23. Rd1 {looks sharper.} Nf6 24. Nxc5 Bxc5 25. bxc5 Ne4 26. Qc2) 23... Nxc5 24. bxc5 Bxc5 25. Qxb7 Ne6 26. Qc6 Qh6 27. Ng4 (27. Qe4 {seems wilder.} Nf4 28. Bg4 Qf6 29. g3 h5 30. Bd7) 27... Nd4 {[%csl LRc6,LRe2]} 28. Nxh6 ({Much weaker is} 28. Qxc5 Nxe2+ 29. Kh1 Ng3+ 30. Kg1 Ne2+ 31. Kh1 Ng3+ 32. Kg1 Ne2+ $11) 28... Nxc6 29. Ng4 {[%cal Bh6g4,Bg4e5,Be5d7][%mdl 32]} Nd4 30. Bd3 Rd8 {[%cal Od4f3]} 31. Ne5 {Hoping for Nf7+.} Kg8 {Prevents Nf7.} 32. Rd1 g6 33. Rb1 Re8 (33... Kf8 $14) 34. Nd7 Be7 35. Re1 {Threatens to win with Re4.} Kg7 36. h4 Nf5 37. Bxf5 gxf5 {[%mdl 4096] Endgame KRB-KRN} 38. Re5 (38. g3 $16) 38... Kf7 $14 39. g3 {White is more active.} ({Don't play} 39. Rxf5+ Ke6 40. Rh5 Kxd7 $11) 39... f4 40. Kg2 (40. g4 $5 {[%cal Re5f5]}) 40... fxg3 41. fxg3 Rg8 42. Kh3 Bd6 43. Re3 Ra8 44. Rd3 Ra6 45. Rf3+ Ke6 46. Nf6 $1 Ra7 47. Ne4 {Strongly threatening Ng5+.} Be7 48. Kg4 Ra5 {[#]} (48... Ra4 $14) 49. Rf1 ({White has to play} 49. Ng5+ $1 $16 Bxg5 50. hxg5) 49... h5+ $11 50. Kh3 Re5 51. Nd2 Bf6 52. Rf3 Re2 53. Rd3 Kf5 54. Rf3+ Kg6 55. Rd3 Kf5 56. Nb3 Be5 57. Nc5 Kg6 58. Nd7 Kf5 59. Nc5 Rc2 60. Rf3+ Kg6 61. Nd3 Bd6 62. Re3 Kf5 {To avoid Re6} 63. Ne1 Rc5 64. Nf3 Be5 {To avoid Nd4+} 65. Re2 Bf6 66. Ra2 Rc3 67. Ra5+ Kg6 $1 68. Ne1 Bd8 69. Rd5 Bc7 70. Nd3 Kf6 71. Kg2 Ke6 72. Rd4 Be5 73. Rd8 Bc7 74. Rd4 Be5 75. Rd8 {Re8+ is the strong threat.} Bc7 76. Re8+ Kf5 77. Re3 {Black must now prevent Rf3+.} Bd6 $2 {[%mdl 8192] [#]} (77... Rc2+ $11 78. Nf2 Bb6 79. Rf3+ Ke5) 78. Rf3+ $1 $18 Ke4 79. Nf2+ {Weighted Error Value: White=0.09 (flawless) /Black=0.08 (flawless)} 1-0

[Event "GibChess Battle of the Sexes 2022"]
[Site "Caleta"]
[Date "2022.01.30"]
[Round "6.8"]
[White "Bellahcene, Bilel"]
[Black "Houska, Jovanka"]
[Result "1-0"]
[WhiteElo "2512"]
[BlackElo "2365"]
[Annotator "TA"]
[PlyCount "75"]
[EventDate "2022.01.01"]
[EventType "schev"]
[EventCountry "GGB"]
[SourceTitle "playchess.com"]
[Source "ChessBase"]
[SourceQuality "1"]

{[%evp 13,75,18,17,21,25,35,33,13,44,0,21,8,5,0,0,0,0,-8,-8,-26,-18,-15,0,0,0,0,0,0,0,-10,19,-11,0,0,39,21,26,22,53,52,64,60,102,25,39,3,3,12,11,0,38,37,84,33,325,324,816,789,29996,29997,29997,29998,29998,29999]} 1. d4 d5 2. c4 c6 3. Nc3 Nf6 4. e3 e6 5. Nf3 Nbd7 6. Qc2 b6 7. cxd5 {Recently 7.b3 got a lot of attention.} exd5 8. Bd3 {D45: Semi-Slav: 5 e3.} Bb7 9. O-O Be7 {[#]} 10. a4 $146 {[%cal Oa4a5] White is slightly better.} ({Predecessor:} 10. b3 O-O 11. Bb2 Rc8 12. Ne5 c5 13. Nxd7 Nxd7 14. Bxh7+ Kh8 15. Bf5 cxd4 16. Qd1 {1-0 (69) Wojtaszek,R (2719)-Holt,C (2549) Chess.com INT 2020}) 10... O-O 11. b3 (11. a5 $14) 11... Rc8 12. Bb2 g6 13. Rfd1 a5 14. Rac1 Bd6 15. Ne2 Re8 16. Ng3 Qe7 17. Qe2 Rc7 18. Rc2 h5 19. Rdc1 Ne4 20. Nf1 Kh7 21. g3 Ndf6 22. N1d2 Nxd2 23. Nxd2 c5 24. Nf3 Ne4 25. dxc5 bxc5 26. Bxe4 dxe4 27. Nd2 Be5 (27... Bd5 $14) 28. Ba3 ({White should try} 28. Bxe5 $16 Qxe5 29. Qb5) 28... Qf6 29. Nc4 {Threatening Qe1.} ({Of course not} 29. Bxc5 Ba6 30. Nxe4 Bxe2 $15) 29... Bc8 30. Nxe5 Qxe5 31. Bb2 ({Much less strong is} 31. Bxc5 Bh3 $16) 31... Qd5 32. Qb5 {[%csl LRa5,LRc5,LRe8]} Rd8 {[#]} (32... Rc6 $1 $14 {feels stronger.}) 33. Bd4 Bh3 $2 {[%mdl 8192] This costs Black the game.} (33... Bd7 $14 34. Qxa5 Rdc8) 34. Rxc5 $18 ({Weaker is} 34. Qxa5 Rdc8 $14) 34... Rxc5 (34... Qf5 35. Rxc7 Qf3 36. Rxf7+ Qxf7) 35. Rxc5 Qe6 {[#]} 36. Rxh5+ $1 {[%mdl 512] White mates.} gxh5 37. Qxh5+ Qh6 38. Qxf7+ {Weighted Error Value: White=0.14 (very precise) /Black=0.50} 1-0

[Event "GibChess Battle of the Sexes 2022"]
[Site "Caleta"]
[Date "2022.01.30"]
[Round "6.9"]
[White "Krysa, Leandro"]
[Black "Efroimski, Marsel"]
[Result "1/2-1/2"]
[WhiteElo "2516"]
[BlackElo "2429"]
[Annotator "TA"]
[PlyCount "53"]
[EventDate "2022.01.01"]
[EventType "schev"]
[EventCountry "GGB"]
[SourceTitle "playchess.com"]
[Source "ChessBase"]
[SourceQuality "1"]

{[%evp 16,53,12,11,16,0,3,9,10,0,33,25,29,17,21,33,33,29,42,41,27,28,58,20,27,25,16,16,39,38,41,0,0,0,0,0,0,-12,-14,-11]} 1. c4 e6 2. Nc3 d5 3. e3 Nf6 4. Nf3 c5 5. cxd5 exd5 6. d4 Nc6 7. Bb5 cxd4 8. Nxd4 Bd7 9. O-O Bd6 {D32: Tarrasch Defence: Sidelines and lines without g3.} 10. b3 O-O 11. Bb2 Re8 12. Nf3 Ne5 {[#] aiming for ...Nxf3+.} 13. Be2 {[#]} Nxf3+ $146 ({Predecessor:} 13... Qa5 14. Qd2 Rac8 15. Rac1 b5 16. Rfd1 b4 17. Nxd5 Ne4 18. Qd4 Rxc1 19. Bxc1 Qxa2 20. Nd2 Nc6 21. Qc4 Nc5 22. Nxb4 Nxb4 23. Qxb4 Be6 24. Qa3 Bxb3 {½-½ (24) Punzon Moraleda,J (2417)-Rognes,O ICCF email 2007}) 14. Bxf3 Be5 {[%cal Of6e4]} 15. Rc1 {[%cal Ba1c1,Bc1c2,Bc2b2][%mdl 32]} Bc6 16. Rc2 Ne4 17. Ne2 Bxb2 18. Rxb2 Bb5 {[%cal Od5d4]} 19. Qd4 (19. a4 $5 {[%cal Ra4b5]} Ba6 20. Re1 $11) 19... Rc8 20. Ra1 Bxe2 21. Rxe2 Qa5 22. g3 b5 23. a3 ({Inferior is} 23. Qxd5 Nc3 24. Qd4 Nxe2+ 25. Bxe2 Red8 $17) (23. Kg2 $14 {might be stronger.}) 23... Qc3 $11 {The position is equal.} 24. Qxc3 Rxc3 25. Rb2 d4 26. Rd1 (26. Bxe4 $5 Rxe4 27. Rd1 $11) 26... d3 (26... dxe3 $2 27. Bxe4 g6 28. Bf3 $18) 27. Bxe4 {Weighted Error Value: White=0.08 (flawless) /Black=0.04 (flawless)} 1/2-1/2

[Event "GibChess Battle of the Sexes 2022"]
[Site "Caleta"]
[Date "2022.01.31"]
[Round "7.1"]
[White "Houska, Jovanka"]
[Black "Krysa, Leandro"]
[Result "1/2-1/2"]
[WhiteElo "2365"]
[BlackElo "2516"]
[Annotator "TA"]
[PlyCount "112"]
[EventDate "2022.01.01"]
[EventType "schev"]
[EventCountry "GGB"]
[SourceTitle "playchess.com"]
[Source "ChessBase"]
[SourceQuality "1"]

{[%evp 15,112,30,35,24,26,35,46,46,58,32,54,12,27,14,14,0,0,0,0,0,0,-12,-6,-9,-7,-25,-47,-16,-20,-20,0,0,0,0,3,0,0,5,6,0,0,0,0,0,0,0,0,0,59,58,58,47,64,60,54,0,95,89,272,193,180,102,110,0,85,0,161,130,137,141,226,246,234,237,216,168,314,0,0,0,0,0,0,0,0,0,0,15,9,0,0,0,0,0,10,0,0,0,14]} 1. d4 Nf6 2. Nf3 e6 3. c4 b6 4. g3 Bb7 5. Bg2 Bb4+ 6. Bd2 c5 {[%cal Bc7c5,Bc5b4][%mdl 32]} 7. Bxb4 $1 {[%mdl 4] is recently more successful than 7.0-0.} cxb4 8. O-O O-O 9. Qd3 {E16: Queen's Indian: 4 g3 Bb7 5 Bg2 Bb4+.} d6 10. Rd1 Qc7 11. a3 {[#] White is slightly better.} bxa3 $146 ({Predecessor:} 11... Rc8 12. axb4 Qxc4 13. Qxc4 Rxc4 14. Ne5 Rc7 15. Bxb7 Rxb7 16. Rc1 Nbd7 17. Nc6 b5 {½-½ (44) Lysyj,I (2623)-Fantinel,T (2374) Helsingor 2019}) 12. Rxa3 {[%cal Od4d5]} Rc8 13. Nfd2 (13. Nc3 $14) 13... Nc6 14. Nc3 Nb4 {[#]} 15. Nb5 $1 Qd7 16. Qb3 {Threatens to win with Bxb7.} Bxg2 17. Kxg2 a5 18. Qa4 d5 19. Rc3 dxc4 {White must now prevent ...Ne8.} 20. Rdc1 h5 {[%cal Oe6e5]} 21. Rxc4 Rxc4 22. Rxc4 Rd8 {[%cal Oh5h4]} 23. Rc7 Qd5+ 24. Nf3 $1 Ne8 25. Rc1 h4 {[%cal Oh4h3]} 26. Nc3 Qb7 27. Qb5 Nf6 28. Na4 Nbd5 29. Nc5 Qa8 30. Nd3 Ne4 31. gxh4 Nd2 32. Qc6 $14 Nxf3 33. Kxf3 Qb8 34. Ne5 Ne7 {[%csl LRc6,LRd4]} 35. Qe4 (35. Qc7 $14 Qa8+ 36. Kg3 Nf5+ 37. Kh3) 35... Qd6 (35... Rc8 $11 {keeps the balance.} 36. Rxc8+ Qxc8) 36. e3 $36 {[%mdl 2048] Keeping Black busy. White is much more active.} Qb4 $2 (36... Nf5 $16 {was necessary.}) 37. Qb7 f6 {[#]} 38. Rc7 $1 Nf5 {[#]} 39. Rd7 {Dancing on a razor blade.} Rf8 (39... Rxd7 $11 40. Qxd7 Nxh4+ 41. Kg3 Nf5+ 42. Kf3 Nh4+ 43. Kg4 Qxb2) 40. Nc6 (40. Ng6 $16 Re8 41. Nf4) 40... Qe1 $2 ({But not} 40... Qxb2 41. Ne7+ Nxe7 42. Rxe7 $16) (40... Nxh4+ $2 41. Kg4 Nf5 42. Nxb4 $18) (40... Qb5 $1 $11 {and Black is okay.} 41. Ne7+ Nxe7 42. Rxe7 Qf5+ 43. Kg2 Qg4+ 44. Kh1 Qd1+ 45. Kg2 Qg4+ 46. Kh1 Qd1+ 47. Kg2 Qg4+) 41. Ne7+ $18 Nxe7 42. Rxe7 $16 {[%mdl 4096] Endgame KQR-KQR} Qd1+ (42... Qg1 $16) 43. Kg3 $18 Qg1+ 44. Qg2 Qb1 45. Kh3 {[%csl Ge7][%cal Rg2g7]} ({Inferior is} 45. Rxe6 Qg6+ 46. Kh3 Qf5+ 47. Qg4 Qxf2 $11) 45... Rf7 (45... Qf5+ $142 46. Qg4 Qxg4+ 47. Kxg4 Rc8 48. Rxe6 Rc2) 46. Re8+ $2 (46. Rxe6 $18 Qf5+ 47. Qg4) 46... Rf8 $1 $11 {The position is equal.} 47. Rxf8+ Kxf8 {KQ-KQ} 48. Qa8+ Kf7 49. Qb7+ Kg8 50. Qc8+ Kh7 51. Qxe6 {d5 is the strong threat.} Qxb2 52. Qe4+ Kg8 53. Qe8+ Kh7 54. Qe4+ Kg8 55. Qe8+ Kh7 56. Qe4+ Kg8 {Blacks defense is rewarded with a draw.  Weighted Error Value: White=0.22 (precise) /Black=0.29 (precise)} 1/2-1/2

[Event "GibChess Battle of the Sexes 2022"]
[Site "Caleta"]
[Date "2022.01.31"]
[Round "7.2"]
[White "Girya, Olga"]
[Black "Aziz, Husain"]
[Result "1-0"]
[WhiteElo "2416"]
[BlackElo "2357"]
[Annotator "TA"]
[PlyCount "75"]
[EventDate "2022.01.01"]
[EventType "schev"]
[EventCountry "GGB"]
[SourceTitle "playchess.com"]
[Source "ChessBase"]
[SourceQuality "1"]

{[%evp 11,75,10,15,4,31,22,37,47,31,36,39,35,47,41,39,41,34,7,87,80,87,60,104,99,100,102,119,109,174,204,212,215,202,212,183,206,218,207,215,198,216,218,214,213,188,193,187,147,253,237,228,146,203,147,302,264,12819,12824,12817,12824,1293,1112,778,621,585,497]} 1. d4 d5 2. c4 e6 3. Nf3 Nf6 4. Nc3 Be7 5. Bf4 O-O 6. e3 Nbd7 7. a3 {D37: Queen's Gambit Declined: 5 Bf4.} dxc4 8. Bxc4 Nb6 9. Bd3 {White is slightly better.} Nbd5 10. Be5 Nxc3 11. bxc3 c5 12. O-O b6 {[#]} 13. Ng5 $146 {And now Bxf6 would win.} ({Predecessor:} 13. dxc5 Bb7 14. cxb6 axb6 15. a4 Nd7 16. Bg3 Nc5 17. Bb5 Qc8 18. Nd2 {½-½ (30) Svetushkin,D (2594)-Genov,P (2447) Brasov 2011}) 13... h6 14. Qf3 {Nxf7 is the strong threat.} Bb7 15. Qxb7 $16 hxg5 16. f4 g6 (16... gxf4 $14 17. Qf3 (17. Bxf4 Nd5 $15) (17. exf4 cxd4 18. cxd4 Ng4 $11) (17. Rxf4 Nd5 $11) 17... Bd6) 17. fxg5 Ng4 {[%csl LRe3,LRg5]} 18. Bc7 {White is much more active. Black has bad knights. This bishop pair is nice.} Qd7 {[#]} 19. Qe4 Bxg5 (19... Nxe3 20. Rxf7) 20. Qxg4 $18 (20. Bf4 f5 21. Qf3 Bxf4 22. Qxf4 Rad8 $11) 20... Bxe3+ 21. Kh1 Qxc7 {[#]} 22. Bxg6 $1 {[%mdl 576] Demolition} fxg6 23. Qxg6+ ({Resist} 23. Qxe6+ $6 Kg7 24. Qxe3 Qd6 $16) 23... Kh8 24. Qh5+ Qh7 25. Qe5+ Qg7 26. Qxe3 cxd4 27. cxd4 Rf6 28. Rxf6 Qxf6 {[%mdl 4096] Endgame KQR-KQR} 29. Rc1 {Strongly threatening h3.} Rf8 (29... Rd8 $16 {might work better.} 30. h3 Rxd4 31. Rc8+ Kg7) 30. h3 Qf4 31. Qc3 {aiming for d5+.} Kg8 (31... Rf6 $16 32. Re1 Kg7) 32. Re1 Rd8 $2 {A mistake that costs the game.} (32... Rf6 $16 {was called for.} 33. Qc6 (33. Qc8+ Kg7 $16) 33... Qg3 34. Qe8+ Kh7 35. Qd7+ Qg7) 33. Qd3 {Black must now prevent Qg6+.} ({Weaker is} 33. Rxe6 Qf1+ 34. Kh2 Qf4+ 35. Qg3+ Qxg3+ 36. Kxg3 Rxd4 $16) 33... Qxd4 $2 (33... Rc8 34. Qg6+ Kf8 35. Qxe6 Rc7) 34. Qg6+ {White is clearly winning.} Qg7 35. Qxe6+ Qf7 36. Qg4+ Qg7 37. Qxg7+ Kxg7 38. Re7+ {Weighted Error Value: White=0.18 (very precise) /Black=0.27 (precise)} 1-0

[Event "GibChess Battle of the Sexes 2022"]
[Site "Caleta"]
[Date "2022.01.31"]
[Round "7.4"]
[White "Sebag, Marie"]
[Black "Brunello, Sabino"]
[Result "1/2-1/2"]
[WhiteElo "2460"]
[BlackElo "2492"]
[Annotator "TA"]
[PlyCount "80"]
[EventDate "2022.01.01"]
[EventType "schev"]
[EventCountry "GGB"]
[SourceTitle "playchess.com"]
[Source "ChessBase"]
[SourceQuality "1"]

{[%evp 13,80,8,20,7,40,25,64,63,66,69,67,60,49,66,56,0,0,-6,37,-82,-81,-68,-80,-218,-184,-181,-182,-193,-79,-80,-75,-73,-89,-89,-50,-51,-45,-50,-49,-43,-49,-46,-35,-31,-25,-27,-32,-33,49,0,89,-42,-47,-61,-29,-29,-28,-29,-14,-15,-14,-14,-14,-15,0,0,0,0,13]} 1. e4 {Sumets,A} c6 2. d4 d5 3. e5 Bf5 4. Nf3 e6 5. Be2 Ne7 6. O-O c5 {6...h6 is setting a new trend.} 7. c4 Nbc6 8. dxc5 {B12: Caro-Kann: Advance Variation.} d4 {aiming for ...d3.} 9. Qb3 Qc7 10. Na3 $1 {Strongly threatening Nb5. White is slightly better.} a6 {To avoid Nb5} 11. Qa4 $1 {[%cal Oa3b5] Black must now prevent Nb5!} Rd8 (11... d3 12. Nb5 $1 axb5 13. Qxa8+ $16) 12. b4 Ng6 $1 13. Bd1 Rd7 {[#]} 14. Bb2 $146 (14. Re1 $14) ({Predecessor:} 14. Nc2 Bxc2 15. Bxc2 d3 16. Bd1 Be7 17. Bb2 O-O 18. Rb1 Rfd8 19. Re1 Nh4 20. Nxh4 Bxh4 {1-0 (62) Grischuk,A (2785)-Lupulescu,C (2630) Warsaw 2013 CBM 158 [Sumets,A]}) 14... Be7 $11 15. Nc2 {[%cal Rf3d4]} Bxc2 (15... Ncxe5 $11 {is superior.} 16. Ncxd4 Bd3) 16. Qxc2 (16. Bxc2 $14 {is the one way to stay ahead.} d3 17. Bb3) 16... Nxb4 $17 {Pair of Knights!} 17. Qe4 Qc6 {Prevents Ba4.} ({Reject} 17... Qxc5 18. Ba4 Nc6 19. Bxc6 (19. Nxd4 Qxc4 20. Bxc6 bxc6 $15) 19... Qxc6 20. Qxc6 bxc6 21. Bxd4 $11) 18. Qg4 (18. Qb1 $17 {was called for.} d3 19. Bc3 (19. a3 Nc2 $15)) 18... Bxc5 19. Ne1 {[#]} h5 $1 20. Qg3 {[#] Hoping for a3.} Qe4 (20... h4 $1 $19 {[%cal Rh4g3] and Black stays clearly on top.} 21. Qh3 d3) 21. Ba4 Nc6 {And now ...d3 would win.} ({Of course not} 21... Qxe5 22. Bxd7+ Kxd7 23. Qf3 $11) 22. Nd3 Be7 23. f4 Qe3+ 24. Kh1 h4 25. Qf3 Qxf3 26. Rxf3 O-O 27. g4 hxg3 28. hxg3 Rc7 29. Rc1 Rd8 30. c5 Na7 (30... Nf8 $15) 31. Kg2 (31. f5 $1 $14 exf5 32. Rxf5) 31... Nb5 (31... Nc6 $11) 32. Rc4 ({White should try} 32. f5 $16 exf5 33. Rxf5) 32... b6 {[%cal Re7c5]} 33. c6 Rdc8 (33... Ba3 {is more complex.} 34. Nb4 Bxb4 35. Rxb4 Rxc6 36. Bxb5 axb5 37. Rxd4 Ra8) 34. Nb4 Bxb4 35. Rxb4 Rxc6 {Threatening ...Ne7.} 36. Bxb5 {The position is equal.} axb5 37. Bxd4 Rc2+ 38. Rf2 Rxf2+ 39. Bxf2 Rc2 40. Rxb5 Rxa2 {Whites escaped into a draw.  Weighted Error Value: White=0.19 (very precise) /Black=0.20 (precise)} 1/2-1/2

[Event "GibChess Battle of the Sexes 2022"]
[Site "Caleta"]
[Date "2022.01.31"]
[Round "7.5"]
[White "Abdumalik, Zhansaya"]
[Black "Cheng, Bobby"]
[Result "1/2-1/2"]
[WhiteElo "2491"]
[BlackElo "2550"]
[Annotator "TA"]
[PlyCount "105"]
[EventDate "2022.01.01"]
[EventType "schev"]
[EventCountry "GGB"]
[SourceTitle "playchess.com"]
[Source "ChessBase"]
[SourceQuality "1"]

{[%evp 23,105,47,51,0,4,0,0,-10,-10,-6,-12,0,-8,-15,-20,-86,-79,-72,-83,-76,-54,-52,-57,-60,-66,-90,6,4,42,36,26,22,113,0,0,0,105,17,56,21,122,129,131,140,122,128,159,174,147,70,75,77,368,133,99,72,92,84,89,82,68,68,68,71,79,69,76,84,70,70,81,36,33,38,50,14,14,14,16,0,0,0,29,0]} 1. e4 c5 2. Nf3 d6 3. d4 cxd4 4. Nxd4 Nf6 5. Nc3 Nc6 6. Bg5 e6 7. Qd2 a6 8. O-O-O Bd7 9. f4 Be7 10. Nf3 b5 11. Bxf6 gxf6 12. f5 Qb6 13. Ne2 {B69: Sicilian: Richter-Rauzer: 7...a6 8 0-0-0 Bd7 9 f4 Be7 10 Nf3 b5 11 Bxf6.} (13. Kb1 $14 {is more appropriate.}) 13... Qa5 $11 14. Qxa5 Nxa5 15. Nf4 {The position is equal.} Bf8 {Threatens to win with ...Bh6.} 16. Kb1 Bh6 {[#]} 17. Nh5 $146 ({Predecessor:} 17. g3 Ke7 18. Nd4 Bxf4 19. fxe6 fxe6 20. gxf4 Nc6 21. Nxc6+ Bxc6 22. Bd3 Rag8 23. Rhg1 {½-½ (44) Dixit,N (2318)-Vorobiov,E (2578) Pardubice 2019}) 17... Ke7 18. g4 Rhg8 19. e5 (19. Rg1 $11) 19... fxe5 $17 20. f6+ Ke8 21. Rxd6 (21. Ng7+ $2 Bxg7 22. fxg7 Bc6 $19) 21... Bc6 22. Be2 Bf8 {This bishop pair is nice.} 23. Rdd1 Nc4 $1 24. h3 Rc8 (24... Rd8 $1 $17 25. Ng3 (25. Rxd8+ Kxd8 26. Rd1+ Kc7 $17) 25... Bh6 26. Rxd8+ Kxd8 27. Rd1+ Kc7 28. Bxc4 Bxf3) 25. Rhe1 $11 Bh6 26. Bxc4 Bxf3 27. Be2 Bd5 (27... Bxe2 $11 28. Rxe2 Rd8 29. Rxd8+ Kxd8) 28. Bd3 Bf3 29. Be2 $36 {[%mdl 2048] White has the initiative.} Bd5 30. Bf1 (30. a4 $1 $16) 30... Rg5 31. Ng3 {[%cal Oa2a4]} (31. a4 $5) 31... Bf8 (31... Rg6 $11 {remains equal.}) 32. a4 $1 $16 bxa4 33. Bxa6 Rb8 34. c4 $1 Bc6 {[%cal Oe5e4]} 35. Ne4 Rg6 36. Nd6+ (36. g5 $1 $16) 36... Bxd6 $14 37. Rxd6 Bg2 {[%mdl 8192] [#]} (37... Bf3 $16 {might work better.}) 38. Bb5+ $2 (38. g5 $1 $18 Bf3 39. Rxe5) 38... Kf8 $16 {[#]} 39. g5 {Strongly threatening Red1.} ({Reject} 39. Bxa4 Rxf6 40. Rxe5 Rf4 $15) 39... h6 (39... Rxg5 $2 40. Red1 Bd5 41. cxd5 $18) 40. Red1 {Rd8+ would kill now. White is much more active.} ({Much weaker is} 40. Bxa4 $6 hxg5 41. Rxe5 Rxf6 $11) 40... Kg8 41. Rd8+ Rxd8 42. Rxd8+ {[%mdl 4096] Endgame KRB-KRB} Kh7 43. c5 {Black must now prevent c6.} hxg5 44. c6 Bxc6 45. Bxc6 {And now Be4 would win.} Rxf6 46. Bxa4 $14 {KRB-KR} Rf4 47. Bc2+ (47. Bb5 $16) 47... Kg7 $1 48. Kc1 Rb4 49. Rd3 f5 50. Rb3 Rh4 51. Rg3 Kf6 52. Kd2 e4 53. b4 {Black escapes into a draw.  Weighted Error Value: White=0.22 (precise) /Black=0.23 (precise)} 1/2-1/2

[Event "GibChess Battle of the Sexes 2022"]
[Site "Caleta"]
[Date "2022.01.31"]
[Round "7.6"]
[White "Batsiashvili, Nino"]
[Black "Bellahcene, Bilel"]
[Result "0-1"]
[WhiteElo "2491"]
[BlackElo "2512"]
[Annotator "TA"]
[PlyCount "98"]
[EventDate "2022.01.01"]
[EventType "schev"]
[EventCountry "GGB"]
[SourceTitle "playchess.com"]
[Source "ChessBase"]
[SourceQuality "1"]

{[%evp 9,98,19,20,12,9,15,31,30,33,18,48,42,48,52,50,47,52,24,25,-7,20,27,23,23,27,22,29,30,40,28,42,43,50,35,30,56,37,38,54,34,22,0,40,0,0,0,28,11,15,-81,-76,-127,-86,-66,-52,-46,-49,-76,-64,-95,-104,-113,-104,-119,-94,-118,-102,-193,-188,-168,-102,-261,-8,-8,-8,-568,-521,-776,-763,-755,-672,-828,-682,-793,-759,-1246,-1182,-5805,-5417,-29985,-29985]} 1. d4 Nf6 2. c4 e6 3. Nc3 Bb4 4. Nf3 {[%cal Bg1f3,Bf3d2,Bd2f1,Bf1g3,Bg3f5][%mdl 32]} Bxc3+ 5. bxc3 d6 6. Nd2 {E21: Nimzo-Indian: 4 Nf3.} O-O 7. e4 e5 8. Bd3 {[#] White is slightly better.} Re8 $146 ({Predecessor:} 8... Nc6 9. Bb2 Ne7 10. O-O Ng6 11. g3 Bh3 12. Re1 Ne8 13. Qh5 Qd7 14. Nf1 Bg4 {0-1 (69) Urkedal,F (2550)-Vitiugov,N (2732) Khanty-Mansiysk 2019}) 9. O-O Nbd7 {[%cal Bb8d7,Bd7f8,Bf8g6,Bg6e7,Be7c6,Bc6a5][%mdl 32]} 10. Re1 Nf8 11. Nf1 b6 12. Ng3 Ng6 13. Nf5 h6 14. g3 Ne7 (14... Bxf5 $5 15. exf5 Nf8 $11) 15. Ne3 Nc6 16. Bb2 Na5 17. f3 Ba6 18. Qe2 c6 19. Rad1 Qd7 20. c5 Bxd3 21. Rxd3 {aiming for dxe5.} exd4 22. cxd4 {Hoping for cxd6.} d5 23. e5 Nh7 24. f4 Nc4 25. Bc3 f5 26. Ng2 Nf6 27. Nh4 $1 Ne4 28. Qh5 Rf8 29. Qg6 (29. g4 $11 {remains equal.}) 29... Qe8 $1 $17 ({Of course not} 29... bxc5 $6 30. dxc5 (30. e6 Qe8 $15) 30... Rae8 31. g4 $11) 30. g4 (30. h3 $142) 30... Qxg6 {The board is on fire.} ({But not} 30... bxc5 $6 31. gxf5 Nxc3 32. Rxc3 $11) ({Black should play} 30... fxg4 31. f5 h5) 31. Nxg6 fxg4 32. Nxf8 Rxf8 {[%cal Ba8f8,Bf8f4,Bf4f6][%mdl 32]} 33. cxb6 axb6 34. Bb4 Rxf4 35. e6 {[%cal Od3c3] [#]} Rf6 $1 36. e7 Kf7 37. Rf1 h5 {[%cal Bh6h5,Bh5h4,Bh4h3][%mdl 32]} 38. a4 (38. h3 $17 {is a better defense.}) 38... h4 39. Rxf6+ gxf6 $19 {[%mdl 4096] Endgame KRB-KNN} 40. Rd1 $2 {[#]} (40. h3 $17 {only move.}) 40... f5 $2 ({Black should try} 40... Ng5 $1 $19 {[%cal Rg5h3]} 41. Kf2 f5) 41. Rf1 $11 Ne3 42. Rf4 {[%mdl 8192]} (42. Rc1 $11 g3 43. Rxc6) 42... h3 $19 43. Ba3 Ke8 44. Bc1 Nc2 45. Bb2 Ne1 46. Rxf5 Kxe7 {Threatens to win with ...Nf3+.} 47. Kf1 Nf3 48. Rh5 Nxh2+ {Pair of Knights!} 49. Ke2 Ng3+ {Weighted Error Value: White=0.82/Black=0.12 (very precise)} 0-1